|
|
|
|
| LEADER |
00000nam0a2200000 4500 |
| 001 |
70298 |
| 005 |
20231031081337.0 |
| 010 |
|
|
|a 5829101653
|
| 035 |
|
|
|a (RuTPU)RU\TPU\book\74841
|
| 090 |
|
|
|a 70298
|
| 100 |
|
|
|a 20041119d2002 m y0rusy50 ca
|
| 101 |
0 |
|
|a rus
|
| 102 |
|
|
|a RU
|
| 105 |
|
|
|a a j 001zy
|
| 200 |
1 |
|
|a Социология
|e учебник для вузов
|f А. И. Кравченко
|
| 205 |
|
|
|a 4-е изд.
|
| 210 |
|
|
|a Москва
|c Академический проект
|d 2002
|
| 215 |
|
|
|a 508 с.
|c ил.
|
| 225 |
1 |
|
|a Gaudeamus
|
| 320 |
|
|
|a Библиогр.: с. 492-508
|
| 610 |
1 |
|
|a социология
|
| 610 |
1 |
|
|a теория
|
| 610 |
1 |
|
|a история
|
| 610 |
1 |
|
|a социологические исследования
|
| 610 |
1 |
|
|a социологическое познание
|
| 610 |
1 |
|
|a общество
|
| 610 |
1 |
|
|a гражданское общество
|
| 610 |
1 |
|
|a социальный процесс
|
| 610 |
1 |
|
|a мировое сообщество
|
| 610 |
1 |
|
|a социальные институты
|
| 610 |
1 |
|
|a социальный контроль
|
| 610 |
1 |
|
|a социальная организация
|
| 610 |
1 |
|
|a образование
|
| 610 |
1 |
|
|a наука
|
| 610 |
1 |
|
|a семья
|
| 610 |
1 |
|
|a брак
|
| 610 |
1 |
|
|a социальная структура
|
| 610 |
1 |
|
|a социальная стратификация
|
| 610 |
1 |
|
|a бедность
|
| 610 |
1 |
|
|a неравенство
|
| 610 |
1 |
|
|a социальная мобильность
|
| 610 |
1 |
|
|a миграция
|
| 610 |
1 |
|
|a социологический практикум
|
| 610 |
1 |
|
|a учебники
|
| 686 |
|
|
|a С5я73
|v LBC/SL-A
|2 rubbk
|
| 700 |
|
1 |
|a Кравченко
|b А. И.
|g Альберт Иванович
|
| 801 |
|
1 |
|a RU
|b 63413507
|c 20041119
|g PSBO
|
| 801 |
|
2 |
|a RU
|b 63413507
|c 20041125
|g PSBO
|
| 942 |
|
|
|c BK
|